Základy péče o stavební památky

Salvato in:
Dettagli Bibliografici
Autore principale: Štorm, Břetislav (Autore)
Natura: Libro
Lingua:ceco
Pubblicazione: Praha : Národní památkový ústav, 2007
Edizione:2.dopl.vyd
Soggetti:
Tags: Aggiungi Tag
Nessun Tag, puoi essere il primo ad aggiungerne!!

MARC

LEADER 00000nam a22000003a 4500
001 stu202046
005 20150617230040.1
008 100408s2007------------------------cze-d
020 |a 978-80-87104-13-2 
040 |a STU  |b slo 
041 0 |a cze 
100 1 |a Štorm, Břetislav  |4 aut 
245 1 |a Základy péče o stavební památky 
250 |a 2.dopl.vyd 
260 |a Praha :  |b Národní památkový ústav,  |c 2007 
300 |a 190 s 
650 7 |a ochrana pamiatok  |2 stusub 
996 |b 284AU04465  |c A*6972  |l AA3130  |s P  |a 0  |w stu202046_0001 
996 |b 284AU05237  |c A*7975 U  |l AAKNST  |s P  |a 0  |w stu202046_0002 
996 |b 284AU05238  |c A*7976 U  |l AAKNAR  |s A  |a 24  |w stu202046_0003